000 01022cam a22002891 4500
001 sd 57000005
003 DLC
005 20260227112736.0
008 921016s1957 dcu f000 0 eng c
010 _asd 57000005
035 _a(OCoLC)26795078
040 _aU.S. Dept. of State. Library
_cDS
_dDS
_dDLC
042 _apremarc
050 0 0 _aS21
_b.Z55 1957
110 1 _aUnited States.
_bDepartment of State.
245 1 4 _aThe American agricultural attaché.
260 _a[Washington,
_bU.S. Govt. Print. Off.,
_c1957]
300 _a23 p.
_c23 x 10 cm.
490 1 _aUnited States Dept. of State. Publication
_v6422
490 1 _aDepartment and Foreign Service series,
_v61
650 0 _aAgricultural attachés.
650 0 _aAgriculture
_zUnited States.
650 0 _aDiplomatic and consular service, American.
650 0 _aAgricultural assistance, American.
830 0 _aDepartment of State publication ;
_v6422.
830 0 _aDepartment of State publication.
_pDepartment and Foreign Service series ;
_v61.
999 _c90061
_d90061